000 00714nam a22001697a 4500
005 20250213100405.0
008 250213b |||||||| |||| 00| 0 eng d
082 _22024
_aUT
100 _aBinoya, Janine T.
_965189
245 _aThe costs of knowledge: investigating financial hurdles of college students in selected higher education institution in Digos City /
_cJanine T. Binoya, Mebelyn Angel Lanticse, and Jesty Faye T. Lamoste
260 _aDigos City :
_bUMDC,
_c©October 2024.
300 _aviii, 98 pages :
_billustration (some colors) ;
_c29 cm.
500 _aIncludes references and appendices.
700 _aLanticse, Mebelyn Angel
_965191
700 _aLamoste, Jesty Faye T.
_965192
942 _2ddc
_cUT
999 _c23423
_d23423